| 000 | 00682nam a22002057a 4500 | ||
|---|---|---|---|
| 003 | OSt | ||
| 005 | 20260228151501.0 | ||
| 008 | 260228b |||||||| |||| 00| 0 eng d | ||
| 020 | _a9781394302529 | ||
| 040 |
_cKABLIB _dKABLIB |
||
| 082 |
_223 _a020.721 _bBIB |
||
| 245 |
_aBibliometrics Analyses in Data-driven Decision-Making/ _bedited by Prasenjit chatterjee, Abhijit saha, Seifedine Kadry, Ulay Demir |
||
| 260 |
_aHoboken _bScrivener _cc2025 |
||
| 300 |
_axxix, 676P. : _c25 cm |
||
| 700 |
_aPrasenjit chatterjee, _eEditor _915569 |
||
| 700 |
_aAbhijit saha _eEditor _915570 |
||
| 700 |
_aSeifedine Kadry _eEditor _915571 |
||
| 700 |
_aUlay Demir _eEditor _915572 |
||
| 942 |
_2ddc _cBOOK |
||
| 999 |
_c6127 _d6127 |
||